NCAA Logo #20 - Statistics

General Stats
  • This quiz has been taken 21 times
  • The average score is 12 of 16
Answer Stats
Picture Answer % Correct
Michigan
100%
Mississippi
94%
Northwestern
94%
Oklahoma State
94%
Oregon State
94%
Princeton
94%
Air Force
88%
Northern Illinois
88%
Rutgers
88%
Creighton
75%
Missouri
75%
Kent State
63%
Sam Houston State
63%
Alabama Huntsville
38%
New Hampshire
38%
Chicago State
25%
No matching quizzes found
Score Distribution
Percent of People with Each Score
Percentile by Number Answered
Your Score History
You have not taken this quiz